000 00699nam a22002177a 4500
005 20150520115625.0
008 140714b xxu||||| |||| 00| 0 Urdu d
010 _aUR-8933
020 _c250.00
_a9788182239616
035 _aU-7488
037 _bBPPD/Pub/Ven
040 _aDPL
_bUrdu
082 _a841
100 _aا فتخا ر ا حمد
245 _aسجد ہ گا ہ فلک
_cا فتخا ر ا حمد
246 _aSajdagah-e-Falak
_bBy Qaisar Siddiqui
260 _bEducational Publishing House
_c2012
_aDelhi
270 _a3108,Vakil Street Kucha Pandit,Lal Kuan
_bDelhi
_k01123216162
_e110006
300 _a152ص
_c22Cm (Hb)
942 _2ddc
_cUR
_e
_h841
_mص د ی
999 _c93775
_d93775